01066 a2200193 45000010006000000050017000060080041000230030015000640400040000790800129001192450047002480200018002952640033003133000019003465050372003650410008007371000032007458560095007774118820260407155705.0260407a1994 arg spa dAR-UNSa-BCEJYS aAR-UNSa-BCEJYSbspacAR-UNSa-BCEJYS a343.8xCondena. Ejecución de la sentencia. Cumplimiento de la pena. Prevención del delito (Instituciones penitenciarias)10aProcedimiento de ejecución de sentencias a950-9606-91-X 1aBuenos Aires :bAD-HOCc1994 a142 p.c23 cm. a1. Generalidades - 2. Títulos y resoluciones ejecutables - 3. Competencia - 4. Liquidez y embargo - 5. Liquidaciones, indexaciones, desindexaciones e incidentes - 6. Citación de venta, embargo y excepciones - 7. Sentencia ejecutoria y recursos - 8. Efectivización de la condena según su naturaleza - 9. Liquidaciones especiales - 10. Sentencias extranjeras -  aspa1 aRosenblat, Héctor Claudio41uhttps://biblioeco.unsa.edu.ar/pmb/images/libros/L126424.jpgyImagen de portadaqimage/jpeg